LEADER 00883nam0-2200313---450- 001 990009430790403321 005 20110923094000.0 035 $a000943079 035 $aFED01000943079 035 $a(Aleph)000943079FED01 035 $a000943079 100 $a20110923d1973----km-y0itay50------ba 101 0 $aita 102 $aIT 105 $ay-------000yy 200 1 $a<> generazione alternante$fGiuseppe Catalano 210 $aFirenze$cLe monnier$d1973 215 $aP. 257-267$d24 cm 300 $aEstr. da: Le scienze, fasc. 5-6, 1973 610 0 $aPiante$aEvoluzione 676 $a581.3$v20$zita 700 1$aCatalano,$bGiuseppe$f<1888-1981>$0492715 801 0$aIT$bUNINA$gRICA$2UNIMARC 901 $aBK 912 $a990009430790403321 952 $a60 DONO CATALANO 98$b13391$fFAGBC 959 $aFAGBC 996 $aGenerazione alternante$9759615 997 $aUNINA LEADER 00930nam1 2200253 i 450 001 SUN0027415 005 20170309122329.792 010 $a31-10-05837-5 100 $a20041109f |0gerc50 ba 101 $ager 102 $aDE 105 $a|||| ||||| 200 1 $aAufstieg und Niedergang der römischen Welt$eANRW$eGeschichte und Kultur Roms im Spiegel der neueren Forschung$fherausgegeben von Hildegard Temporini$g[poi] herausgegeben Hildegard Temporini und Wolfgang Haase 210 $aBerlin$cDe Gruyter. 510 1$3SUN0080144$aRise and decline of the Roman world. 517 1$3SUN0077739$aANRW. 620 $dBerlin$3SUNL000066 702 1$aTemporini$b, Hildegard$3SUNV026690 702 1$aHaase$b, Wolfgang$3SUNV026691 712 $aDe Gruyter$3SUNV002714$4650 801 $aIT$bSOL$c20181109$gRICA 912 $aSUN0027415 996 $aAufstieg und niedergang der Romischen welt$988359 997 $aUNICAMPANIA